000 00518nam a22001697a 4500
005 20231024124322.0
008 231024b |||||||| |||| 00| 0 eng d
020 _a0702122815
041 _aEnglish
082 _a347.1 ECK
100 _aEckard, CF
_lEnglish
245 _aPrinciples of Civil Procedure in the Magistrates' Courts /
_cCF Eckard
260 _aCape Town :
_bJuta & Company, Ltd,
_c1984
300 _blxiii, 373 pages ;
_c25 cm.
650 _aLegal practice
_bLaw
942 _cBK
_6ALISON_BN_VRIES
999 _c28
_d28